Normal view MARC view
  • Drucker, Peter F.

Entry Personal Name

Number of records used in: 3

001 - CONTROL NUMBER

  • control field: 5969

003 - CONTROL NUMBER IDENTIFIER

  • control field: OSt

005 - DATE AND TIME OF LATEST TRANSACTION

  • control field: 20170518111754.0

008 - FIXED-LENGTH DATA ELEMENTS

  • fixed length control field: 170518|| aca||aabn | a|a d

040 ## - CATALOGING SOURCE

  • Original cataloging agency: OSt
  • Transcribing agency: OSt

100 ## - HEADING--PERSONAL NAME

  • Personal name: Drucker, Peter F.
  • Dates associated with a name: 1909-2005

670 ## - SOURCE DATA FOUND

  • Source citation: Work cat.: (OSt): Drucker, Peter F. 1909-2005, The practice of management, 1968
Pusat Sumber Maklumat Dato' Haji Sarmin Md Hussin, Akademi Kastam Diraja Malaysia, Melaka
Tel: 06-2331106 | Faks: 06-2313787